| 000 | 00780nam a2200193 a 4500 | ||
|---|---|---|---|
| 005 | 20221209063619.0 | ||
| 008 | 991125s1983 mx 000 0 spa u | ||
| 020 | _a9688051839 | ||
| 035 | _aUPN01000030671 | ||
| 049 | _aCG | ||
| 050 | 4 |
_aP92 M6 _bC6 no.4 |
|
| 245 | 0 | 0 |
_aInformación, cultura y recreación : _bv. 1. |
| 260 |
_aMéxico : _bForo de Consulta Popular de Comunicación Social, _c1983. |
||
| 300 | _a434 p. | ||
| 440 | 0 |
_aComunicación social ; _v4 |
|
| 505 | 8 | _aContiene: La recopilación de 87 ponencias registradas en el tema, para participar en las reuniones que se organizaronlos días, 2, 4, 6 y 8 de mayo en las ciudades de Hermosillo, Son., Monterrey, N. L., Guadalajara, Jal. y Mérida | |
| 650 | 4 |
_aMedios masivos de comunicación _99547 |
|
| 905 | _aLibro | ||
| 999 |
_c30671 _d30671 |
||